Načítá se...

ഒരു മധ്യവേനല്‍ രാക്കിനാവ്

Podrobná bibliografie
Hlavní autoři: വില്യം ഷേക്സ്പിയ൪, William Shekspeare
Další autoři: കാവാലം നാരായണപണിക്ക൪, വിവ൪, Kavalam Narayana Panicker, Tr
Médium: Printed Book
Vydáno: Kottayam; D C Books; 2010
Vydání:3rd (1st 2009)
Témata:
LEADER 01190nam a22002297a 4500
020 |a 978-81-264-2110-7 
082 |a  822  |b  WIL/A Q0;1.M  
100 |a വില്യം ഷേക്സ്പിയ൪  |9 323468 
100 |a William Shekspeare  |9 323469 
240 |a Oru Madhyavenal Rakinavu; A Midsummer Night's Dream 
245 |a ഒരു മധ്യവേനല്‍ രാക്കിനാവ് 
250 |a 3rd (1st 2009) 
260 |a Kottayam;  |b D C Books;  |c 2010 
300 |a 113p. 
650 |a മലയാളം; വിവ൪ത്തന സാഹിത്യ നാടകം  |9 323470 
650 |a Malayalam; Literature Translated Drama  |9 323471 
700 |a കാവാലം നാരായണപണിക്ക൪, വിവ൪.  |9 323472 
700 |a Kavalam Narayana Panicker, Tr.  |9 323473 
942 |c BK 
999 |c 50002  |d 50002 
952 |0 0  |1 0  |4 0  |6 822_000000000000000_WIL_A_Q0_M  |7 0  |8 DRAMTRA  |9 58969  |a MAL  |b MAL  |d 2016-03-11  |e GM762  |g 60.00  |l 0  |o 822 WIL/A Q0.M  |p MALGM000762  |r 2016-03-11  |t 1  |w 2016-03-11  |y BK 
952 |0 0  |1 0  |4 0  |6 822_000000000000000_WIL_A_Q01_M  |7 0  |8 DRAMTRA  |9 58970  |a MAL  |b MAL  |d 2016-03-11  |e 51236  |g 60.00  |l 0  |o 822 WIL/A Q0;1.M  |p MAL051236  |r 2016-03-11  |t 2  |w 2016-03-11  |y BK